Sports General Knowledge #8 by Meast - Statistics

General Stats
  • This quiz has been taken 55 times
  • The average score is 9 of 20
Answer Stats
Hint Answer % Correct
What city does the NBA team the warriors play in? San Francisco
84%
What team has the longest winning streak in NFL history? New England Patriots
67%
Behind the US, what other country produces the most MLB players? Dominican Republic
63%
What college did Patrick Mahomes play for? Texas Tech
63%
Which school has won the most women's basketball championships? Uconn
61%
Which country has won the most medals in the winter olympics? Norway
59%
Which cyclist was the first to win the Tour de France seven times in a row? Lance Armstrong
51%
Which Neil Diamond song is played in the eighth inning of every Red Sox game? Sweet Caroline
51%
Which team has the most Stanley Cup titles? Montreal Canadiens
45%
Who was the first golfer to win the Masters Tournament four times? Arnold Palmer
43%
What is NASCAR biggest stock car event annually? Daytona 500
43%
Before moving to LA, which state did the lakers franchise start in? Minnesota
39%
Which team has the most points in a single NHL season? Boston Bruins
37%
What do the olympic rings represent? Continents
37%
Which NFL player is known as the refrigerator? William Perry
35%
What must you win at the olympics to be considered the worlds greatest athlete? Decathlon
31%
What golfer is known as "Lefty?" Phil Mickleson
22%
What is the name of the international team competition in mens tennis? Davis Cup
14%
Who was the first player to win the golden boot twice? Gerd Muller
8%
What sport has Sergey Bubka broken the record in 35 times? Pole Vaulting
2%
No matching quizzes found
Score Distribution
Percent of People with Each Score
Percentile by Number Answered
Your Score History
You have not taken this quiz